Pays d'Asie par deux premières lettres avec une carte. - Statistiques

Statistiques générales
  • Ce quiz a été pris 2 706 fois
    2 622 depuis la dernière actualisation
  • Le résultat moyen est 38 sur 49
Réponses sur la Carte
Les réponses sont colorées sur une échelle allant du rouge au vert en fonction du pourcentage des utilisateurs qui les ont devinées à leur premier essai. Vous pouvez retrouver ces pourcentages ci-dessous.
 
Statistiques - réponses
Pays % Correct
Chine
97%
Chypre
96%
Inde
96%
Indonésie
96%
Arabie Saoudite
92%
Arménie
91%
Japon
90%
Turkménistan
90%
Turquie
90%
Mongolie
88%
Kazakhstan
86%
Irak
85%
Iran
85%
Corée du Nord
83%
Corée du Sud
83%
Pakistan
81%
Yémen
81%
Oman
79%
Tadjikistan
79%
Taïwan
79%
Thaïlande
79%
Bahreïn
78%
Bangladesh
78%
Népal
78%
Tadjikistan
78%
Afghanistan
77%
Viêt Nam
77%
Laos
76%
Malaisie
75%
Ouzbékistan
75%
Émirats arabes unis
74%
Israël
74%
Maldives
74%
Philippines
74%
Qatar
74%
Kirghizistan
72%
Azerbaïdjan
70%
Birmanie
70%
Cambodge
70%
Jordanie
69%
Syrie
69%
Géorgie
68%
Sri Lanka
68%
Liban
65%
Singapour
63%
Koweït
62%
Bhoutan
60%
Timor oriental
47%
Brunei
41%
Aucun quiz correspondant
Distribution des résultats
% des personnes avec chaque résultat
Percentile par nombre de réponses
Votre historique - résultats
Vous n’avez pas pris ce quiz depuis la dernière actualisation